Hidrometallurgy

Saved in:
Bibliografiske detaljer
Hovedforfatter: Twidwell, L. G (Author)
Format: Bog
Sprog:engelsk
Udgivet: Sandy City National Science Foundation 1985
Fag:
Tags: Tilføj Tag
Ingen Tags, Vær først til at tagge denne postø!

MARC

LEADER 00000nam a2200000 a 4500
001 UCP1758
003 CL-VaPUC
008 990426e19850000us |||||||||||||||||eng|d
082 0 4 |a 669.028  |b TWI  |2 21 
100 0 |a Twidwell, L. G  |e author  |9 427963 
245 1 0 |a Hidrometallurgy 
300 |a pág. irreg 
942 |c BK 
945 |d 19990426 00:00:00  |a rbrito 
260 |a Sandy City  |b National Science Foundation  |c 1985 
650 0 |a Hidrometalurgia  |9 352265 
650 0 |a Oxidación  |9 326616 
650 7 |a REACCION KENESICA  |2 CL-VaPUC  |9 427964 
650 0 |a Electroquímica  |9 263973 
650 0 |a Hidrodinámica   |9 261326 
650 7 |a PURIFICACION  |2 CL-VaPUC  |9 262791 
650 7 |a ELECTROLISIS  |2 CL-VaPUC  |9 360639 
583 |a last modification  |c 20171218 01:25:02  |k Rodrigo Vera 
999 |c 280399  |d 280397 
952 |0 0  |1 0  |4 0  |6 669_028000000000000_TWI_1985  |7 0  |8 A  |9 320680  |a BIBING  |b BIBING  |d 2019-11-20  |i 348050K  |o 669.028 TWI 1985  |p 348050K  |r 2025-01-20  |w 2019-11-20  |y BK  |k EIQ 
952 |0 0  |1 0  |4 0  |6 669_028000000000000_TWI_1985  |7 0  |8 A  |9 320681  |a BIBING  |b BIBING  |d 2019-11-20  |i 3480518  |o 669.028 TWI 1985  |p 3480518  |r 2025-01-20  |w 2019-11-20  |y BK  |k EIQ 
952 |0 0  |1 0  |4 0  |6 669_028000000000000_TWI_1985  |7 0  |8 A  |9 320682  |a BIBING  |b BIBING  |d 2019-11-20  |i 3480526  |o 669.028 TWI 1985  |p 3480526  |r 2025-01-20  |w 2019-11-20  |y BK  |k EIQ